=LDR 00000nam 2200000 4500 =001 INLIS000000000038690 =005 20200220010718 =035 ##$$a 0010-061300000038690 =008 200220################g##########0#ind## =041 ##$$a Ind =082 ##$$a 158.5 =090 ##$$a 158.5, Sar d =100 ##$$a Sarjono, Tony =245 1#$$a Delapan langkah sukses negosiasi /$c Tiny Sardjono =260 ##$$a Jakarta :$b Raih Asih Sukses,$c 2009 =300 ##$$a 107 hlm : $b ilus. ; $c 21 x 15 cm =650 #4$$a Negosiasi =850 ##$$a NBPNMAT =020 ##$$a 979-013-077-5 =084 ##$$a 158.5 SAR d =990 ##$$a 21109107 =990 ##$$a 0001/BPAP-NTB/20142015 =990 ##$$a 21109105 =990 ##$$a 21109106